Les saint patrons des régions ou des villes - Statistiques

Statistiques générales
  • Ce quiz a été pris 6 fois
  • Le résultat moyen est 2 sur 30
Statistiques - réponses
Hint Réponse % Correct
Ste Odile Alsace
40%
Ste Blandine & St Pothin Lyon
40%
Ste Geneviève & St Denis Paris
40%
Ste Marie-Madeleine Provence
40%
St Michel Normandie
20%
Ste Jeanne d'Arc Orléanais
20%
St Hilaire Poitou
20%
St Martin Touraine
20%
St Maurice Anjou
0%
St Delphin Aquitaine
0%
St Vaast Artois
0%
St Austremoine Auvergne
0%
St Germain Auxerre
0%
Ste Solange Berry
0%
St Ferréol & St Ferjeux Besançon
0%
Ste Ide Boulonnais
0%
St André Bourgogne
0%
Ste Anne Bretagne
0%
St Nicaise Champagne
0%
Ste Julie Corse
0%
Ste Marie Flandre
0%
St Volusien Foix
0%
St Claude Franche-Comté
0%
St Bruno Grenoble
0%
St Guilhem Languedoc
0%
St Martial Limousin
0%
St Nicolas Lorraine
0%
St Victor Marseille
0%
St Saturnin Midi-Pyrénées
0%
St Firmin Picardie
0%
Aucun quiz correspondant
Distribution des résultats
% des personnes avec chaque résultat
Percentile par nombre de réponses
Votre historique - résultats
Vous n’avez pas pris ce quiz